000 00479nam a2200157 4500
001 46141
090 _a46141
100 _a20260528 pory50
101 _aesp
102 _aFR
200 _aGoubi
_eun niño del Neolítico
_fil. Gemma Sales , texto Séverine y Pierre Machu
_gassec. cient.Laboratorio de Prehistoria del Musée de l' Homme
_gtrad. Isabel Llasat Botija
210 _aVic-en-Bigorre
_cMSM
_d2006
215 _a1 v.
675 _a82-93
801 _aPT
_gRPC
990 _cLIVROS